Library Logo

Pioneer International University Library Catalogue

THE OXFORD HISTORY OF BRITAIN/ (Record no. 9883)

MARC details
000 -LEADER
fixed length control field 00441nam a22001577a 4500
003 - CONTROL NUMBER IDENTIFIER
control field OSt
005 - DATE AND TIME OF LATEST TRANSACTION
control field 20251208112104.0
008 - FIXED-LENGTH DATA ELEMENTS--GENERAL INFORMATION
fixed length control field 251208b |||||||| |||| 00| 0 eng d
020 ## - INTERNATIONAL STANDARD BOOK NUMBER
International Standard Book Number 019285349
040 ## - CATALOGING SOURCE
Transcribing agency OXFORD UNIVERSITY PRESS
050 ## - LIBRARY OF CONGRESS CALL NUMBER
Classification number DA 30 .M67 1999
Item number .M67 1999
245 ## - TITLE STATEMENT
Title THE OXFORD HISTORY OF BRITAIN/
Statement of responsibility, etc. MORGAN, KENNETH O.
250 ## - EDITION STATEMENT
Edition statement 1ST EDITION
260 ## - PUBLICATION, DISTRIBUTION, ETC.
Place of publication, distribution, etc. NEW YORK:
Name of publisher, distributor, etc. OXFORD UNIVERSITY PRESS,
Date of publication, distribution, etc. 1999
942 ## - ADDED ENTRY ELEMENTS (KOHA)
Source of classification or shelving scheme Library of Congress Classification
Koha item type Books
Suppress in OPAC No
Holdings
Withdrawn status Lost status Source of classification or shelving scheme Damaged status Not for loan Home library Current library Date acquired Total checkouts Barcode Date last seen Price effective from Koha item type
    Library of Congress Classification     PIU Library PIU Library 12/08/2025   PIUDL900 12/08/2025 12/08/2025 Books